|
|
|
|
| LEADER |
00000nam a2200000 a 4500 |
| 005 |
20120613174537.0 |
| 007 |
cr|||| |||| |
| 008 |
080526s2007 pe |||||| 001 ||spa|c |
| 020 |
|
|
|a 9789972224584
|
| 035 |
|
|
|a 6423
|
| 040 |
|
|
|d vLex
|
| 043 |
|
|
|a s-pe---
|
| 080 |
|
|
|a 347.9
|
| 090 |
|
|
|c 3175
|d 3175
|
| 100 |
1 |
|
|a Alvaro de Oliveira, Carlos Alberto
|
| 245 |
1 |
0 |
|a Del formalismo en el proceso civil
|h [Recurso electrn̤ico] :
|b (propuesta de un formalismo-valorativo) /
|c Carlos Alberto Alvaro de Oliveira ; traduccin̤ de Juan Jos ̌Monroy Palacios
|
| 256 |
|
|
|a Servicio en ln̕ea
|
| 260 |
|
|
|a Lima :
|b Palestra editores,
|c 2007
|
| 300 |
|
|
|a 1 recurso electrn̤ico
|
| 490 |
1 |
|
|a Biblioteca de derecho procesal / Palestra ;
|v 6
|
| 504 |
|
|
|a Bibliografa̕
|
| 504 |
|
|
|a Índice
|
| 506 |
1 |
|
|a Contenido solo disponible en los productos indicados
|d vLex Global
|d vLex Global (Academic Edition, excluding Law Schools)
|d vLex Global (U.S. Academic Edition, Law Schools)
|d vLex Global (U.S. Academic Edition, excluding Law Schools)
|d vLex Global (Academic Edition, Law Schools)
|
| 650 |
0 |
4 |
|a Procedimiento civil
|z Per︢
|
| 740 |
0 |
|
|a vLex Libros (Servicio en ln̕ea)
|
| 830 |
|
0 |
|a Biblioteca de derecho procesal (Palestra) ;
|v 6
|
| 856 |
4 |
0 |
|u http://vlex.com/source/formalismo-proceso-civil-6423
|z Acceso restringido
|
| 942 |
|
|
|c BOOK
|
| 999 |
0 |
|
|a Civil procedure
|